banner-ar

Temple of the world : (Record no. 63026)

MARC details
000 -الفاتح
حقل البيانات ثابتة الطول 03039cam a22003737i 4500
005 - وقت وتاريخ اخر تعامل مع التسجيلة
رقم الضبط 20240530110619.0
008 - عناصر البيانات ثابتة الطول - معلومات عامة
حقل البيانات ثابتة الطول 131113s2013 ua ab b 001 0 eng d
020 ## - الرقم الدولى المعيارى للكتب
الرقم الدولى المعيارى للكتاب 9789774165634
040 ## - مصدر الفهرسة
وكالة النسخ EG-CaGPL
وكالة الفهرسة الأصلية EG-CaGPL
041 1# - رمز اللغة
رمز لغة النص/ المسارات الصوتية أو العنوان الانفرادي eng
رمز لغة الترجمات و/او الاصلية المتوسطة للنص cze
082 04 - رقم تصنيف ديوى العشرى
رقم التصنيف 932
رقم الطبعة 21
رقم المادة CC/V T
100 1# - المدخل الرئيسى - إسم شخصى
الإسم الشخصى Verner, Miroslav,
الدور author.
240 10 - العنوان الموحد
عنوان موحد Chrám světa.
لغة العمل English
245 10 - بيان العنوان
العنوان Temple of the world :
بقية العنوان sanctuaries, cults, and mysteries of ancient Egypt /
بيان المسئوليه,etc Miroslav Verner ; English translation by Anna Bryson-Gustová.
300 ## - الوصف المادى
التعداد xv, 608 pages :
تفاصيل ماديه اخرى للوعاء illustrations (some color), maps ;
أبعاد الوعاء 24 cm
504 ## - تبصرة ببليوجرافية
تبصرة ببليوجرافية,الخ Includes bibliographical references (pages 566-585) and index.
650 #0 - المدخل الاضافى بالموضوع-مصطلح موضوعى
مصطلح موضوعي Temples
التقسيم الفرعي الجغرافي Egypt.
650 #0 - المدخل الاضافى بالموضوع-مصطلح موضوعى
مصطلح موضوعي Temples, Egyptian.
650 #0 - المدخل الاضافى بالموضوع-مصطلح موضوعى
مصطلح موضوعي Cults
التقسيم الفرعي الجغرافي Egypt.
651 #0 - المدخل الاضافى بالموضوع - اسم جغرافى
الاسم الجغرافي Egypt
التقسيم الفرعي العام Religion
التقسيم الفرعي الزمني 332 B.C.-640 A.D.
651 #0 - المدخل الاضافى بالموضوع - اسم جغرافى
الاسم الجغرافي Egypt
التقسيم الفرعي العام Antiquities.
942 ## - عناصر المدخل الإضافي( كوها)
مصدر التصنيف او مخطط الترفيف Dewey Decimal Classification
Koha [default] item type كتاب
264 #1 -
-- Cairo :
-- The American University in Cairo Press,
-- 2013.
336 ## -
-- text
-- txt
-- rdacontent
337 ## -
-- unmediated
-- n
-- rdamedia
338 ## -
-- volume
-- nc
-- rdacarrier
505 0# - تبصرة محتويات-الفهرس
تبصرة المحتويات المصاغة The temple of the world. First Excursus: Ordinary days and feast days -- Heliopolis: The city of the sun -- Memphis: The white wall -- Hermopolis: The city of the eight -- The kingdom of Amun. Second excursus: The great festivals of the king of gods -- Amarna: City of the heretic -- Tanis: The Thebes of the north -- Abydos: The sacred land. Third excursus: Osirian mythology -- Philae: The pearl of Egypt -- Edfu: The throne of Horus -- Dendera: The Heliopolis of Hathor. Fourth excursus: The lady of the turquoise -- Alexander's City by Egypt. Final excursus: A brief outline of the overall architectural history of the ancient Egyptian temple.
520 ## - التبصرة الخاصة بالتعليق أو التلخيص
ملخص,الخ "Despite the prominence of ancient temples in the landscape of Egypt, books about them are surprisingly rare. This new and essential publication from a prominent Czech scholar answers the need for a study that goes beyond temple architecture to examine the spiritual, economic, and political aspects of these institutions and the dominant roles they played. Miroslav Verner presents a deeper and more complex study of major ancient Egyptian religious centers, their principal temples, their rise and decline, their religious doctrines, cults, rituals, feasts, and mysteries. Also discussed are the various categories of priests, the organization of the priesthood, and its daily services and customs. Each chapter offers the reader essential and up-to-date information about temple complexes and the history of their archaeological exploration, in the context of the spiritual dimension and cultural legacy of ancient Egypt."--Publisher's website.
856 42 - الوصول و الموقع الالكترونى
مواد محددة Contributor biographical information
معرف المصدر الموحد http://www.loc.gov/catdir/enhancements/fy1410/2013474226-b.html
856 42 - الوصول و الموقع الالكترونى
مواد محددة Publisher description
معرف المصدر الموحد http://www.loc.gov/catdir/enhancements/fy1410/2013474226-d.html
856 41 - الوصول و الموقع الالكترونى
مواد محددة Table of contents only
معرف المصدر الموحد http://www.loc.gov/catdir/enhancements/fy1410/2013474226-t.html
Holdings
حالة التراجع حالة الفقد مصدر التصنيف او خطة الترفيف حالة تلف ليس للاعارة المكان المؤقت الموقع الحالى موقع الترفيف تاريخ الاكتساب اجمالي اﻻعارات رقم الطلب الباركود تاريخ اخر مشاهدة تاريخ تفعيل السعر نوع وعاء كوها
    ddc     مكتبة القاهرة الكبرى مكتبة القاهرة الكبرى   12/17/2016   932 CC/V T 162972 12/17/2016 12/17/2016 كتاب

Powered By

EGPV